000 00555nam a22001937a 4500
003 KOHA_MİRAKIL
005 20250417164302.0
008 250417b tu ||||| |||| 00| 0 tur d
020 _a9786050846966
040 _aTR-AnABB
_btur
_cTR-AnABB
041 _atur
082 _a813.42
_bYIL 2023
100 1 _aYıldız, Ahmed Günbay,
245 1 0 _aBeni de kalbinde götür /
_cAhmed Günbay Yıldız
260 _aİstanbul :
_bTimaş Yayınları,
_c2023
300 _a205 sayfa ;
_c21 cm
650 0 4 _aTürk edebiyatı, roman
942 _2ddc
_cBK
999 _c8766
_d8766
900 _bGizem YORULMAZ